Pochette d'album 1991 - Statistiques

Statistiques générales
  • Ce quiz a été pris 5 fois
  • Le résultat moyen est 9 sur 16
Statistiques - réponses
Par images Réponse % Correct
Blue Lines
100%
Dangerous
100%
Metallica
100%
Nevermind
100%
Blood Sugar Sex Magik
67%
Ten
67%
Atchung baby
33%
Badmotorfinger
33%
Innuendo
33%
On every street
33%
Out Of Time
33%
Screamadelica
33%
Slave to the grind
33%
Temple of the Dog
33%
Use your illusions I & II
33%
We can't dance
33%
Aucun quiz correspondant
Distribution des résultats
% des personnes avec chaque résultat
Percentile par nombre de réponses
Votre historique - résultats
Vous n’avez pas pris ce quiz